Responses for Show #7114 - Thursday, July 16, 2015

Contestants

[<< previous game]

Christianne Gadd, an adjunct professor of history and American studies from Bethlehem, Pennsylvania

Jennifer Morrow, an editorial assistant from New York, New York

Ben Hemmens, a stay-at-home dad from Falls Church, Virginia (whose 2-day cash winnings total $43,200)

[next game >>]

Jeopardy! Round responses

HISTORY, OLD & NEW
THAT'S OXYMORONIC!
CLOTHING MODERNE
POE-ETRY
STATE OF THE OLD WESTERN
(Alex: You have to name the current state where the main action in the film occurs.)
WE 3
    $200 23
[Jennifer strikes a pose and sings, a la Steve Martin, when delivering her response.]
(Alex: Yes. [Smiling] Well done. I love it. Okay, uh, less than a minute to go now, Jennifer.)

King Tut

Jennifer
    $200 1
(Ben: What is a host?)
...
(Alex: [To Jennifer] You understand the category.)

a guest host

BenJennifer
    $200 3
a hoodie

Christianne
    $200 12
Kansas

Ben
    $200 26
(Alex: Yes.)
[The end-of-round signal sounds.]
(Alex: And you didn't do any... [referring to Jennifer's posing after clue 23])
(Jennifer: [Sarcastically] Do you want me to?)
[Laughter]

the butcher, the baker & the candlestick maker

Jennifer
    $400 7
freezer burn

Ben
    $400 4
a kimono

Ben
    $400 15
the bells

Jennifer
    $400 11
Montana

Ben
    $400 19
a triumvirate

Ben
    $600 8
tough love

Ben
    $600 5
over-the-knee

Christianne
    $600 10
a mother

Jennifer
    $600 13
(Jennifer: What is Arizona?)

South Dakota

BenJennifer
    $600 20
the Andrews Sisters

Ben
    $3,200 18
(Jennifer: Okay, uh, why not? I'll make it a True Daily Double.)
(Alex: Whoa, hello, all right. For $6,400, here is the clue for you...)
...
[Cheers and applause]
(Alex: You're throwing out these responses casually. And it's--it's wonderful, I love it. Go again.)

Bosworth

Jennifer
    $800 9
a bald wig

Jennifer
    $800 6
skinny

Ben
    $800 2
dream

Christianne
    $800 14
California

Jennifer
    $800 21
(Christianne: Who are Shiva, Vishnu, and Rama?)

Shiva, Vishnu & Brahma

Christianne
Triple Stumper
    $1000 24
the Era of Good Feelings

Ben
    $1000 25
(Ben: What is "Live Free Or Die"?)

"Old New Hampshire"

Ben
Triple Stumper
    $1000 17
a tankini

Jennifer
    $1000 16
Annabel Lee

Ben
    $1000 22
the Brontë sisters

Ben

Scores at the first commercial break (after clue 15):

Ben Jennifer Christianne
$3,200 $2,200 $1,600

Scores at the end of the Jeopardy! Round:

Ben Jennifer Christianne
$6,200 $6,800 $800

Double Jeopardy! Round responses

SHE MARRIED A VEEP
LET'S GO TO THE ISLANDS
BIBLE BELTS
YOU DON'T KNOW WHAT YOU'RE TALKING ABOUT
20th CENTURY NAMES
(Alex: And finally, not the German version of the category in the first round...)
"V" 3
    $400 1
Al Gore

Christianne
    $400 14
Solomon

Ben
    $400 21
(Alex: Yep, were they wrong.)

the Titanic

Jennifer
    $400 6
Einstein

Jennifer
    $400 16
involuntary

Ben
    $800 2
Dick Cheney

Christianne
    $800 28
[The end-of-round signal sounds.]

Alaska

Jennifer
    $800 12
Lot

Jennifer
    $800 26
Galileo

Christianne
    $800 9
Hawaii

Christianne
    $800 17
a javelin

Ben
    $2,000 3
Joe Biden

Christianne
    $1200 24
(Alex: That's it, with less than a minute to go.)

Papua New Guinea

Jennifer
    $1200 8
Lamentations

Ben
    $1200 23
fusion

Christianne
    $1200 10
Louis Farrakhan

Christianne
    $1200 18
the Navajo

Jennifer
    $1600 4
Dan Quayle

Christianne
    $1600 27
(Christianne: What is European fauna?)

Australian fauna

Christianne
Triple Stumper
    $1600 7
Cana

Jennifer
    $1600 22
the Edsel

Christianne
    $1600 11
(Fritz) Lang

Jennifer
    $2,112 19
lavender

Jennifer
    $2000 5
(Ben: Who is... John Quincy Adams?)
...
(Alex: We were dealing with more recent vice presidents.)

Walter Mondale

Ben
Triple Stumper
    $2000 25
Bermuda

Ben
    $2000 13
Uriah the Hittite

Triple Stumper
    $2000 15
Norway

Triple Stumper
    $2000 20
the Savoy (Theatre)

Jennifer

Scores at the end of the Double Jeopardy! Round:

Ben Jennifer Christianne
$9,000 $18,912 $9,600

[wagering suggestions for these scores]

Final Jeopardy! Round responses

EUROPEAN NOVELISTS
(Alex: [To Jennifer, as she pulls them out again] Those drumsticks worked. Yes!)
BenWho is Zola?
$9,000
ChristianneWho Victor Hugo?
$9,600
JenniferWho is Zola?
$288
Émile Zola

Final scores:

Ben Jennifer Christianne
$18,000 $19,200 $0
2nd place: $2,000 New champion: $19,200 3rd place: $1,000

Game dynamics:

Coryat scores:

Ben Jennifer Christianne
$9,000 $16,000 $8,800
17 R,
3 W
19 R
(including 2 DDs),
1 W
12 R
(including 1 DD),
2 W

Combined Coryat: $33,800

[game clues] [game scores] [suggest correction]

Game tape date: 2015-04-20
The J! Archive is created by fans, for fans. Scraping, republication, monetization, and malicious use prohibited; this site may use cookies and collect identifying information. See terms. The Jeopardy! game show and all elements thereof, including but not limited to copyright and trademark thereto, are the property of Jeopardy Productions, Inc. and are protected under law. This website is not affiliated with, sponsored by, or operated by Jeopardy Productions, Inc. Join the discussion at JBoard.tv.